000 00280nam a22001337a 4500
008 170629b xxu||||| |||| 00| 0 eng d
020 _a9780393972818
041 _aeng
080 _a82
100 _a22
101 _aGJL
245 _aDON QUIJOTE
_cWILSON,D.A
942 _2udc
_cBK
999 _c19591
_d19591